| 000 | 00426cam a2200181ua 4500 | ||
|---|---|---|---|
| 001 | 5599 | ||
| 008 | 131028n ii |||gr||||Z||||||eng | ||
| 040 | _cMAIN | ||
| 082 | _a954.162 | ||
| 245 |
_aAhomar Din _cBy Surryakumar Bhuyan |
||
| 250 | _a1st ed. | ||
| 260 |
_aGuwahati: _bBani Mandir, _c2009. |
||
| 300 | _a88p. | ||
| 653 | _aHistory | ||
| 653 | _aAhomar Din | ||
| 700 |
_aBhuyan,Surryakumar ., _eAuthor. |
||
| 942 | _cBK | ||
| 999 |
_c4760 _d4760 |
||